Načítá se...
Body Language for Dummies
Annotation
| Hlavní autor: | |
|---|---|
| Médium: | Printed Book |
| Jazyk: | English |
| Vydáno: |
Hoboken :
For Dummies [Imprint] John Wiley & Sons, Incorporated
March 2012
|
| Vydání: | 2nd ed. |
| Témata: | |
| On-line přístup: | http://www.columbia.edu/cgi-bin/cul/resolve?clio9718702 |
| LEADER | 01198cam a22003132 b4500 | ||
|---|---|---|---|
| 006 | m d | ||
| 007 | cr n | ||
| 008 | 110920e20120313njua s|||||||| 2|eng|d | ||
| 020 | |a 9781119953517 | ||
| 020 | |a 1119953510 (Trade Paper) |c USD 19.99 Retail Price (Publisher) | ||
| 035 | |a (WaSeSS)ssj0000632737 | ||
| 082 | 0 | 0 | |a 153.69 |2 22 |
| 100 | 1 | |a Kuhnke, Elizabeth | |
| 245 | 1 | 0 | |a Body Language for Dummies |h [electronic resource] |
| 250 | |a 2nd ed. | ||
| 260 | |b For Dummies [Imprint] |c March 2012 |a Hoboken : |b John Wiley & Sons, Incorporated | ||
| 300 | |a 362p. |c 23cm. | ||
| 520 | 8 | |a Annotation | |
| 650 | |a Body language | ||
| 650 | |a Interpersonal communication | ||
| 856 | 4 | 0 | |u http://www.columbia.edu/cgi-bin/cul/resolve?clio9718702 |
| 942 | |c BK | ||
| 210 | 1 | 0 | |a Body Language for Dummies |
| 506 | |a License restrictions may limit access. | ||
| 521 | |a Trade |b John Wiley & Sons, Incorporated | ||
| 773 | 0 | |t Safari Technical Books (Current File) | |
| 910 | |a Bowker Global Books in Print record | ||
| 999 | |c 100723 |d 100723 | ||
| 952 | |0 0 |1 0 |4 0 |6 153_690000000000000_KUH_B |7 0 |9 100655 |a UL |b UL |c ST1 |d 2013-08-12 |e 2 |g 254.77 |l 6 |m 4 |o 153.69 KUH/B |p 89434 |r 2019-10-19 |s 2019-08-30 |v 349.00 |y BK | ||